Sale of Goods Act (Record no. 3778)

MARC details
000 -LEADER
fixed length control field 00358nam a22001577a 4500
005 - DATE AND TIME OF LATEST TRANSACTION
control field 20160624105737.0
008 - FIXED-LENGTH DATA ELEMENTS--GENERAL INFORMATION
fixed length control field 160624b xxu||||| |||| 00| 0 eng d
041 ## - LANGUAGE CODE
Language code of text/sound track or separate title eng
082 ## - DEWEY DECIMAL CLASSIFICATION NUMBER
Item number 9698
100 ## - MAIN ENTRY--AUTHOR NAME
Personal name Bangia, R.K.
245 ## - TITLE STATEMENT
Title Sale of Goods Act
260 ## - PUBLICATION, DISTRIBUTION, ETC. (IMPRINT)
Name of publisher Allahabad Law Agency
Year of publication 2004
300 ## - PHYSICAL DESCRIPTION
Number of Pages 167
650 ## - SUBJECT ADDED ENTRY--TOPICAL TERM
Topical Term Management
942 ## - ADDED ENTRY ELEMENTS (KOHA)
Koha item type Books
Holdings
Lost status Damaged status Collection code Home library Current library Shelving location Date acquired Cost, normal purchase price Full call number Accession Number Koha item type
    LAW JRU Library   SHELF-31-D 24/06/2016 65.00 346.5407 9698 Books
    LAW JRU Library   SHELF-31-D 24/06/2016 65.00 346.5407 9699 Books
    LAW JRU Library   SHELF-31-D 24/06/2016 65.00 346.5407 9700 Books
    LAW JRU Library   SHELF-31-D 24/06/2016 65.00 346.5407 9701 Books
    LAW JRU Library   SHELF-31-D 24/06/2016 65.00 346.5407 9702 Books
    LAW JRU Library   SHELF-31-D 24/06/2016 65.00 346.5407 9703 Books